000 00327 a2200157 4500
001 162941
020 _a
040 _cMagnum
100 _aJunqueira, Sonia
240 1 0 _aO besouro perdeu a roupa
_lpor
245 1 0 _aO besouro perdeu a roupa
362 0 _a1899
440 1 _aModerna
697 _aI/ANIMAIS
942 _cBK
999 _c162941
_d162941